000 01187cam a2200325 a 4500
999 _c129924
_d129924
001 16432821
003 ARRUPE
005 20191016102839.0
008 100825s2011 enk b 001 0 eng
010 _a 2010036601
020 _a9780415603683 (hardback)
020 _a9780203830147 (ebook)
040 _aDLC
_cDLC
_dDLC
050 0 0 _aB745.E8
_bH68 2011
082 0 0 _a297.2/25
_222
100 1 _aHoward, Damian.
_948358
245 1 0 _aBeing human in islam :
_bthe impact of the evolutionary worldview /
_cDamian Howard.
260 _aAbingdon, Oxon ;
_aN.Y., N.Y. :
_bRoutledge,
_c2011.
300 _axii, 226 p. ;
_c25 cm.
490 0 _aCulture and civilization in the Middle East ;
_v24
504 _aIncludes bibliographical references and index.
600 0 0 _aBergson, Henri,
_d1859-1941.
_948359
650 0 _aEvolution.
_916208
650 0 _aIslamic philosophy.
_929734
650 0 _aEvolution
_xReligious aspects
_xIslam.
_948360
650 0 _aTheological anthropology
_xIslam.
_948361
906 _a7
_bcbc
_corignew
_d1
_eecip
_f20
_gy-gencatlg
942 _2lcc
_cMONOGRAPH